Statistics for State Department's "Do Not Travel" Countries (by Continent)

Click here to take the quiz!

General Stats

  • This quiz has been taken 106 times
  • The average score is 17 of 21

Answer Stats

ContinentCountry% Correct
EuropeRussia
97%
AsiaRussia
97%
AsiaIran
96%
AsiaIraq
96%
AsiaAfghanistan
90%
EuropeUkraine
89%
AsiaSyria
88%
EuropeBelarus
86%
AfricaSudan
86%
South AmericaVenezuela
86%
AfricaSomalia
84%
AfricaSouth Sudan
84%
North AmericaHaiti
79%
AfricaLibya
79%
AsiaNorth Korea
78%
AsiaYemen
78%
AfricaCentral African Republic
77%
AfricaMali
70%
AsiaMyanmar
62%
OceaniaTonga
58%
AfricaBurkina Faso
51%

Score Distribution

Percentile by Number Answered

Percent of People with Each Score

Your Score History

You have not taken this quiz